000 00871nam a22002177a 4500
999 _c177869
_d177869
005 20210308173705.0
010 _aENG-129171
020 _a978-93-88096-27-0
_c280.00
035 _aEN-112703
037 _bDBAD/PUB
082 _a530.02462
245 _aEngineering Physics:Common to Civil, ME, AE, ME(M), MME, Mining and Petroleum Eng. for B. Tech First Year)/
_cTirmila Sreekanth, et. al
260 _aHyderabad
_bSeven Hills International Publishers
_c2019
270 _bHyderabad
_e500038
_a3326/C, Level-4, Surneni Nilayam, Near B K Gupta Park, S R Nagar
_k91 40 23710657, 238000657
_l91 40 23810657
_mstudentshelpline.in@gmail.com
300 _axiv+296p.
_c24cm(pbk)
_bIncluding illustrations.
700 _aTirmila Sreekanth
700 _aChari, V. Dhanunjana
700 _aK. Ashok
700 _aHemlata
942 _2ddc
_cEN
_h530.02462
_mENG